Understanding the needs of family caregivers and the bid for more effective action: A problematization through the prism of non-use (notice n° 1724557)

détails MARC
000 -LEADER
fixed length control field 01525cam a2200229 4500500
005 - DATE AND TIME OF LATEST TRANSACTION
control field 20260322002550.0
041 ## - LANGUAGE CODE
Language code of text/sound track or separate title fre
042 ## - AUTHENTICATION CODE
Authentication code dc
100 10 - MAIN ENTRY--PERSONAL NAME
Personal name Revil, Hélèna
Relator term author
245 00 - TITLE STATEMENT
Title Understanding the needs of family caregivers and the bid for more effective action: A problematization through the prism of non-use
260 ## - PUBLICATION, DISTRIBUTION, ETC.
Date of publication, distribution, etc. 2023.<br/>
500 ## - GENERAL NOTE
General note 99
520 ## - SUMMARY, ETC.
Summary, etc. The French Federative Association of Psychiatry Students (AFFEP) formed a new associative board in October 2021. Various missions accompany this renewal, including the reform and construction of the psychiatry internship model, the continuation of the “Choisir psychiatrie” survey, the maintenance of our role as the national point of reference for psychiatry interns, commitment to our magazine Psy Déchaîné, and the creation of attractive digital content. This roadmap also reaffirms the values that we defend through these missions: federation, cooperation, representation, and diversity. Finally, the AFFEP will unveil this new team and enthusiastically invite you to join our organization.
690 ## - LOCAL SUBJECT ADDED ENTRY--TOPICAL TERM (OCLC, RLIN)
Topical term or geographic name as entry element besoins des proches aidants
690 ## - LOCAL SUBJECT ADDED ENTRY--TOPICAL TERM (OCLC, RLIN)
Topical term or geographic name as entry element complexité
690 ## - LOCAL SUBJECT ADDED ENTRY--TOPICAL TERM (OCLC, RLIN)
Topical term or geographic name as entry element non-recours
690 ## - LOCAL SUBJECT ADDED ENTRY--TOPICAL TERM (OCLC, RLIN)
Topical term or geographic name as entry element proches aidants
690 ## - LOCAL SUBJECT ADDED ENTRY--TOPICAL TERM (OCLC, RLIN)
Topical term or geographic name as entry element territorialisation des dispositifs pour les aidants
700 10 - ADDED ENTRY--PERSONAL NAME
Personal name Gand, Sébastien
Relator term author
786 0# - DATA SOURCE ENTRY
Note Informations sociales | o 208 | 4 | 2023-05-03 | p. 120-127 | 0046-9459
856 41 - ELECTRONIC LOCATION AND ACCESS
Uniform Resource Identifier <a href="https://shs.cairn.info/journal-informations-sociales-2022-4-page-120?lang=en&redirect-ssocas=7080">https://shs.cairn.info/journal-informations-sociales-2022-4-page-120?lang=en&redirect-ssocas=7080</a>

Pas d'exemplaire disponible.

PLUDOC

PLUDOC est la plateforme unique et centralisée de gestion des bibliothèques physiques et numériques de Guinée administré par le CEDUST. Elle est la plus grande base de données de ressources documentaires pour les Étudiants, Enseignants chercheurs et Chercheurs de Guinée.

Adresse

627 919 101/664 919 101

25 boulevard du commerce
Kaloum, Conakry, Guinée

Réseaux sociaux

Powered by Netsen Group @ 2025